|
|
|
|
| LEADER |
00725cam a2200205 7i4500 |
| 001 |
0000010718 |
| 005 |
20190613090000.0 |
| 008 |
100323 eng |
| 020 |
|
|
|a 1860940951 (pbk.)
|
| 020 |
|
|
|a 9781860940958
|
| 090 |
0 |
0 |
|a TA347.F5
|b F46 1996
|
| 100 |
1 |
|
|a Fenner, Roger T
|
| 245 |
1 |
0 |
|a Finite element methods for engineers
|c Roger T Fenner.
|
| 260 |
|
|
|a Singapore:
|b Imperial College Press,
|c 1996.
|
| 300 |
|
|
|a xvii, 171p.;
|c 23cm.
|
| 504 |
|
|
|a Includes bibliographical references and index
|
| 650 |
0 |
0 |
|a Engineering mathematics
|
| 650 |
0 |
0 |
|a Finite element method
|
| 997 |
|
|
|a Engineering & Life Sciences, Faculty
|b Engineering, Department
|
| 999 |
|
|
|a 0000013993
|b BOK
|c OPEN SHELF
|e 2nd Floor, Bestari Jaya
|